| 000 | 01787cam a22004094a 4500 | ||
|---|---|---|---|
| 999 |
_c7152 _d7152 |
||
| 001 | 15061581 | ||
| 003 | OSt | ||
| 005 | 20210907123848.0 | ||
| 008 | 071026s2008 enka b 001 0 eng | ||
| 010 | _a 2007044559 | ||
| 016 | 7 |
_a101319464 _2DNLM |
|
| 020 | _a9780470065099 (cloth : alk. paper) | ||
| 020 | _a0470065095 (cloth : alk. paper) | ||
| 020 | _a9780470065167 (pbk. : alk. paper) | ||
| 020 | _a0470065168 (pbk. : alk. paper) | ||
| 035 | _a(OCoLC)180195541 | ||
| 035 | _a(OCoLC)ocn180195541 | ||
| 040 |
_aDNLM/DLC _cDDC _dNLM _dBAKER _dBWKUK _dYDXCP _dBTCTA _dCDX _dDLC |
||
| 042 | _apcc | ||
| 050 | 0 | 0 |
_aQD181.V2 _bR34 2008 |
| 060 | 1 | 0 |
_aQV 290 _bR345b 2008 |
| 082 | 0 | 0 | _a546.522REH2008 |
| 100 | 1 |
_aRehder, Dieter. _914726 |
|
| 245 | 1 | 0 |
_aBioinorganic vanadium chemistry / _cEdited by Rehder,Dieter; |
| 260 |
_aChichester, England ; _aHoboken, NJ : _bJohn Wiley & Sons, _cc2008. |
||
| 300 |
_ax,213p; _bill. _c26 cm. |
||
| 490 | 1 |
_aInorganic chemistry, _x1939-5175 |
|
| 504 | _aIncludes; references and index. | ||
| 505 | 0 | _aIntroduction and background -- Inorganic and coordination compounds of vanadium -- Physico-chemical methods for the characterisation of native and model vanadium compounds -- Naturally occurring vanadium compounds -- Influence of vanadium compounds on cellular functions -- Epilogue. | |
| 650 | 0 |
_aChemistry _9797 |
|
| 830 | 0 |
_aInorganic chemistry (John Wiley & Sons) _914727 |
|
| 856 | 4 | 2 |
_3Publisher description _uhttp://www.loc.gov/catdir/enhancements/fy0804/2007044559-d.html |
| 856 | 4 | 1 |
_3Table of contents only _uhttp://www.loc.gov/catdir/enhancements/fy0804/2007044559-t.html |
| 906 |
_a7 _bcbc _corignew _d1 _eecip _f20 _gy-gencatlg |
||
| 942 |
_2ddc _cO_SHELF |
||